| 000 | 00820nam a2200241 a 4500 | ||
|---|---|---|---|
| 001 | BRCA_5207 | ||
| 005 | 20190320205002.0 | ||
| 008 | 261110s1921----enka######---#000-0#eng-# | ||
| 041 | _aeng | ||
| 044 | _aenk | ||
| 050 | 4 |
_aN6250 _b.G85 1921 |
|
| 245 | 1 | 0 |
_aA guide to the early Christian and Byzantine Antiquities _bin the Department of British medieval antiquities. |
| 250 | _a2 | ||
| 260 |
_aInglaterra _bOrder of the Trustees : Oxford University _c1921 |
||
| 300 |
_axii, 191 p. _bil., 15 láminas _c21 cm. |
||
| 500 | _aIncluye lista de láminas, lista de ilustraciones e índice alfabético | ||
| 500 | _aE38 | ||
| 650 | 1 | 4 |
_aArte bizantino _vExposiciones _913332 |
| 650 | 1 | 4 |
_aArte cristiano antiguo _vExposiciones _913333 |
| 650 | 1 | 4 |
_aGalerías y museos _zInglaterra _913334 |
| 902 | _aGFM | ||
| 942 |
_2lcc _cB |
||
| 999 |
_c4901 _d4901 |
||